Passable General Knowledge Trivia III Quiz Stats

 Plays Quiz Updated Aug 5, 2015

Challenge
Share
Tweet
Embed
Score 0/30 Timer 08:00
13 Plays Today
Question Answer % Correct
????
92.9%
????
84.1%
????
76.5%
????
74.9%
????
67%
????
66.4%
????
56.9%
????
56.4%
????
53.5%
????
52.3%
????
48.3%
????
46%
????
44.3%
????
42.2%
????
41.5%
Question Answer % Correct
????
40.1%
????
39.9%
????
39.7%
????
37.7%
????
36.2%
????
33.1%
????
32.6%
????
28.6%
????
25.7%
????
24.4%
????
24.3%
????
23.7%
????
18.6%
????
16.1%
????
13.9%

You're not logged in!

Compare scores with friends on all Sporcle quizzes.
OR
Log In

You Might Also Like...

Show Comments

Extras

Top Quizzes Today


Score Distribution

Your Account Isn't Verified!

In order to create a playlist on Sporcle, you need to verify the email address you used during registration. Go to your Sporcle Settings to finish the process.

Report this User

Report this user for behavior that violates our Community Guidelines.

Details: